000 00548nam a2200205Ia 4500
999 _c58368
_d58368
003 0100
005 20190516095358.0
008 130303s9999 xx 000 0 und d
040 _cARRUPELIB
050 _aDT3119.K46 1997
100 _aKabwe, Tiyaonse Chisanga
_946392
245 _aKenneth David Kaunda
_bFounder president of the republic of Zambia (perspectives on his exit from office)
_cTiyaonse Chisanga kabwe
260 _aHarare
_bSapes Books
_c1997
300 _a189p. ;
_c23 cm.
600 _aKaunda, Kenneth D.
_946393
942 _2lcc
_cMONOGRAPH